| 000 | 00393 a2200145 4500 | ||
|---|---|---|---|
| 003 | OSt | ||
| 005 | 20180116182713.0 | ||
| 008 | 160513b xxu||||| |||| 00| 0 eng d | ||
| 040 | _c0 | ||
| 082 | _a954.91 PAK 1999 | ||
| 100 | _aManzoor Ahmad | ||
| 245 |
_aPakistan Prospects and Perspectives _cManzoor Ahmad |
||
| 260 |
_aRoyal Book Company Pakistan _c1999 |
||
| 942 |
_aNBS _cBK _k954.91 PAK _2ddc |
||
| 999 |
_c344466 _d344466 |
||